Art Antiquity & Law

Detalles Bibliográficos
Formato: eBook
Lenguaje:inglés
Publicado: Londres: Institute of Art and Law, 2018 -
Materias:
Acceso en línea:Acceso restringido

MARC

LEADER 00000nam a22000007a 4500
005 20191018223410.0
007 cr|||| ||||
008 191018c20189999uk qr|w s|||| 0|||b1eng d
022 |a 1362-2331 
035 |a 23100 
040 |a vLex 
090 |c 9923  |d 9923 
245 0 0 |a Art Antiquity & Law  |h [Recurso electrn̤ico] / 
256 |a Servicio en ln̕ea 
260 |a Londres:  |b Institute of Art and Law,  |c 2018 - 
300 |a 1 recurso electrn̤ico 
310 |a Trimestral 
506 1 |a Disponible solo en los productos indicados  |d vLex Global  |d vLex Global (Academic Edition, excluding Law Schools)  |d vLex Global (U.S. Academic Edition, Law Schools)  |d vLex Global (U.S. Academic Edition, excluding Law Schools)  |d vLex Global (Academic Edition, Law Schools) 
650 0 4 |a Derecho Pb︢lico y Administrativo  |z Reino Unido 
650 0 4 |a Derecho Mercantil y de la Empresa  |z Reino Unido 
740 0 |a vLex Revistas (Servicio en ln̕ea) 
856 4 0 |u http://vlex.com/source/art-antiquity-and-law-23100  |z Acceso restringido 
942 |c REV 
999 0 |a Public and Administrative Law 
999 0 |a Commercial and Business Law